Normal view
MARC view
Entry Personal Name
001 - CONTROL NUMBER
- control field: 26699
003 - CONTROL NUMBER IDENTIFIER
- control field: ARRUPE
005 - DATE AND TIME OF LATEST TRANSACTION
- control field: 20161013104511.0
008 - FIXED-LENGTH DATA ELEMENTS
- fixed length control field: 161013|| aca||aabn | a|a d
040 ## - CATALOGING SOURCE
- Original cataloging agency: ARRUPE
- Transcribing agency: ARRUPE
100 ## - HEADING--PERSONAL NAME
- Personal name: Huyghe , Rene (ed.)
670 ## - SOURCE DATA FOUND
- Source citation: Work cat.: (ARRUPE)44255: Larousse encyclopedia of prehistoric and ancient art